| 000 | 04427nab a2200361 i 4500 | ||
|---|---|---|---|
| 003 | BR-BrBNA | ||
| 005 | 20250820175445.0 | ||
| 008 | 250820b2020 bl.ar|pooa||| 00| 0 eng | | ||
| 040 |
_aBR-BrBNA _beng |
||
| 072 | _aF60 | ||
| 072 | _aF02 | ||
| 100 | _aLozano, Stefhania Alzate | ||
| 100 | _aSousa, Aline Bastos Brilhante de | ||
| 100 | _aSouza, Julio Cezar de | ||
| 100 | _aSilva, David Ribeiro da | ||
| 100 | _aSalazar, Marcos Gabriel Maciel | ||
| 100 | _aHalicki, Priscila Cristina Bartolomeu | ||
| 100 | _aRamos, Daniela Fernandes | ||
| 100 | _aSilva, Pedro Eduardo Almeida da | ||
| 100 | _aNunez, Cecilia Veronica | ||
| 245 | _aDuroia saccifera: in vitro germination, friable calli and identification of β-sitosterol and stigmasterol from the active extract against Mycobacterium tuberculosis | ||
| 500 | _aPublicação on-line; 24 ref.; 2 tables; 2 illus.; Summaries (En, Pt) | ||
| 520 | _a Abstract Duroia saccifera (Rubiaceae) occurs in the Amazon rainforest and their extracts showed antibacterial properties. To obtain greater quantities of active substances, leaf segments from in vitro D. saccifera seedlings were used as explants for calli induction; calli were multiplied via multiple subcultures, dried and extracted with hexane followed by ethyl acetate (EtOAc) and methanol (MeOH). As D. macrophylla had been reported to produce antimycobacterial substances, we assayed calli extracts against Mycobacterium tuberculosis (H37Rv strain). Calli EtOAc extract was active, with a minimal inhibitory concentration (MIC) of ≤ 25 mg mL-1, IC90of 19.5 mg mL-1and minimal bactericidal concentration (MBC) of 200 mg mL-1. EtOAc extract was analyzed by Thin Layer Chromatography (TLC) and Nuclear Magnetic Resonance (NMR) to determine its chemical profile, and was found to be rich in terpenes. Chromatographic fractionation of the EtOAc extract yielded a mixture of two sterols, β-sitosterol and stigmasterol (in proportion of 2:1), which were identified by 1 H and 13C NMR analysis. As far as we know, this is the first report of Duroia saccifera in vitro cell culture, antituberculosis activity of calli extract and β-sitosterol and stigmasterol isolation from in vitro plant cell culture. Key words: antituberculosis, phytochemistry, plant tissue culture, Rubiaceae, sterols. Resumo Duroia saccifera (Rubiaceae) ocorre na floresta Amazônica. Seus extratos apresentaram atividade antibacteriana. Para obter maiores quantidades de substâncias ativas, foram utilizados segmentos de folhas de plântulas in vitro de D. saccifera como explantes para indução de calos; os calos foram multiplicados através de múltiplos subcultivos, depois secos e extraídos com hexano, seguido por acetato de etila (AcOEt) e metanol (MeOH). Como D. macrophylla foi relatada como produtora de substâncias antimicobacterianas, os extratos de calos foram testados contra Mycobacterium tuberculosis (cepa H37Rv). O extrato AcOEt dos calos foi ativo, com uma concentração inibitória mínima (CIM) de ≤ 25 mg mL-1, IC90 de 19,5 mg mL-1 e concentração bactericida mínima (MBC) de 200 mg mL-1. O extrato AcOEt foi analisado por cromatografia em camada delgada comparativa (CCDC) e Ressonância Magnética Nuclear (RMN) para determinar o seu perfil químico e mostrou ser rico em terpenos. O fracionamento cromatográfico do extrato AcOEt conduziu ao isolamento de uma mistura de dois esteroides, β-sitosterol e estigmasterol (na proporção de 2:1), os quais foram identificados por análises de RMN de 1 H e bidimensionais. Pelo levantamento bibliográfico realizado, este é o primeiro relato da cultura de células in vitro de Duroia saccifera, da atividade antituberculose do extrato de calos e do isolamento de β-sitosterol e estigmasterol da cultura de células vegetais in vitro da espécie. Palavras-chave: antituberculose, fitoquímica, cultura de tecidos vegetais, Rubiaceae, esterois. | ||
| 650 | _aTUBERCULOSE | ||
| 650 | _aQUÍMICA | ||
| 650 | _aTECIDO VEGETAL | ||
| 650 | _aPRODUÇÃO VEGETAL | ||
| 650 | _aRUBIACEAE | ||
| 773 | 0 |
_0709 _9353216 _dRio de Janeiro-RJ Jardim Botanico do Rio de Janeiro 1935 _o2025-4473 _tRodriguésia (Brazil) _x0370-6583; 2175-7860 on-line _gv. 71 p. 1-7; (2020) _wBR2025001725 |
|
| 856 | _uhttps://www.scielo.br/j/rod/a/Xy9RNxbv4z4v9P7rVrWsgJD/?format=pdf&lang=en | ||
| 942 | _cANA | ||
| 999 |
_c337716 _d337716 |
||